Szczegóły MARC21

Australien : ein geschenktes Paradies /

003 -Nazwa inst., której nr kontr. jest w polu 001 [,]
    • @
    • Nazwa instytucji, której n kontrolny jest w polu 001
    • NUKAT
005 -DATA I CZAS OSTATNIEJ MODYFIKACJI [,]
    • @
    • pole kontrolne
    • 20241231094455.0
020 -Międzynarod. znormalizowany nr książki - ISBN [ , ]
    • a
    • Numer ISBN
    • 3705901508 Find
020 -Międzynarod. znormalizowany nr książki - ISBN [ , ]
    • a
    • Numer ISBN
    • 9783705901506 Find
040 -Instytucja sporządzająca opis [ , ]
    • a
    • Instytucja, która sporządziła opis (NP)
    • WA U/MSO
    • b
    • Język katalogowania
    • pol
    • e
    • Zasady katalogowania
    • rda
    • c
    • Instytucja, która sporządziła rekord (NP)
    • WA U/MSO
    • d
    • Instytucja, która zmodyfikowała rekord (P)
    • WA U/MSO
    • d
    • Instytucja, która zmodyfikowała rekord (P)
    • SZCZ U/ABs
942 -Rodzaj dokumentu [ , ]
    • c
    • Rodzaj dokumentu
    • Książka
100 -Hasło główne - nazwa osobowa [1, ]
    • a
    • Nazwa osobowa (NP)
    • Brunner, Walter.
    • e
    • Rodzaj współpracy
    • Autor
    • 9
    • KHW
    • 483363
240 -Tytuł ujednolicony [1,0]
    • a
    • Tytuł ujednolicony
    • Verdammte Neuaustralier
    • l
    • Język tekstu
    • (niem.)
    • 9
    • KHW
    • 483366
245 -Strefa tytułu i oznaczenia odpowiedzialności [1,0]
    • a
    • Tytuł
    • Australien : Find
    • b
    • Ciąg dalszy tytułu (NP)
    • ein geschenktes Paradies / Find
    • c
    • Pozostałe elementy strefy tytułu i oznaczenia odpowiedzialności (NP)
    • Roman von W. und A. Brunner.
260 -Strefa adresu wydawniczego [ , ]
    • a
    • Miejsce wydania (P)
    • Mödling :
    • b
    • Nazwa wydawcy (P)
    • Weishaupt Verlag,
    • c
    • Data wydania (P)
    • copyright © 2007.
300 -Strefa opisu fizycznego [ , ]
    • a
    • Określenie formy książki i/lub objętość (NP)
    • 351 stron ;
    • c
    • Format (NP)
    • 19 cm.
336 -Typ zawartości [ , ]
    • a
    • Termin opisujący typ zawartości
    • Tekst
    • b
    • Kod określający zawartość
    • txt
    • 2
    • Źródło (terminu i kodu)
    • rdacontent
337 -Typ mediów [ , ]
    • a
    • Tryb odtwarzania
    • Bez urządzenia pośredniczącego
    • b
    • Kod typu mediów
    • n
    • 2
    • Źródło (terminu i kodu)
    • rdamedia
338 -Typ/rodzaj nośnika [ , ]
    • a
    • Hasło opisujące typ nośnika
    • Wolumin
    • b
    • Kod typu nośnika
    • nc
    • 2
    • Źródło (terminu i kodu)
    • rdacarrier
500 -Uwaga ogólna [ , ]
    • a
    • Uwaga ogólna (NP)
    • Informacja na obwolucie : Originaltitel "Verdammte Neuaustralier / Bloody Newaustralians" ; Überarbeitung des Titels und Umschlags im August 2007.
650 -Hasło przedmiotowe [ ,7]
    • a
    • Hasło przedmiotowe
    • Imigranci
    • z
    • Określnik geograficzny
    • Australia.
    • 2
    • Źródło terminu
    • kaba
    • 9
    • KHW
    • 500199
651 -Hasło przedmiotowe w formie nazwy geograficznej [ ,7]
    • a
    • Nazwa geograficzna
    • Australia
    • x
    • Określnik rzeczowy
    • emigracja i imigracja.
    • 2
    • Źródło terminu
    • kaba
    • 9
    • KHW
    • 497991
655 -Hasło w funkcji tematu formalnego [ ,7]
    • a
    • Hasło
    • Powieść niemiecka
    • y
    • Określnik chronologiczny
    • 1990-.
    • 2
    • Źródło terminu
    • kaba
    • 9
    • KHW
    • 371890
700 -Hasło dodatkowe - nazwa osobowa [1, ]
    • a
    • Nazwa osobowa (NP)
    • Brunner, Angela. Find
    • e
    • Określenie rodzaju współpracy
    • Autor
    • 9
    • KHW
    • 483364
710 -Hasło dodatkowe - nazwa ciała zbiorowego [2, ]
    • a
    • Nazwa ciała zbiorowego lub nazwa geograficzna jako pierwszy element (NP)
    • Weishaupt Verlag.
    • e
    • Rodzaj współpracy
    • Wydawca
    • 4
    • Kod relacji
    • pbl
    • 9
    • KHW
    • 483362
920 -ISBN [ , ]
    • a
    • ISBN
    • 3-7059-0150-8 Find
920 -ISBN [ , ]
    • a
    • ISBN
    • 978-3-7059-0150-6 Find
Lokalizacja Data inwentaryzacji Status udost. Numer inwentarzowy Sygnatura Obwoluta
BM2019-03-13-3BC.12303Germ. Literatura austriacka1